00986nam a2200241 a 4500001001000000003000500010005001700015008004100032010001100073011001100084040000900095100003200104245019000136260004100326500006000367502007100427650002700498650003800525650003400563650004100597700003600638856007000674000116063CHAP20220329144559.0190902s2019 mx a |sm |||||||spa d a112524 a113496 cCHAP1 aÁlvarez López, Ricardo.10aDiagnóstico y evaluación de los recursos hídricos de la microcuenca de Santiago Yolomécatl, Oaxaca.h[En línea]cpor Ricardo álvarez López y Gerónimo Cuevas Hernández. aChapingo, Méx. :bEl autor,c2019. aPara ver el contenido del material haga clic en la liga aTesis (Ing. en Irrigación) -- UACH. Departamento de Irrigación14aAgua potablexCalidad.14aAgua subterraneaxAprovechamiento14aAguaxAbastecimientoxOaxaca.14aCuencasxEscurrimientosxMedición.1 aCuevas Hernández, Gerónimo. aFinding aiduhttp://10.13.5.2/tesis/sist116063.pdfzTeclea aquí